Giáo trình Kinh tế lượng (Econometrics)

Tallennettuna:
Bibliografiset tiedot
Aineistotyyppi: Kirja
Kieli:Undetermined
Julkaistu: Cần Thơ Trường Đại học Cần Thơ 2005
Aiheet:
Tagit: Lisää tagi
Ei tageja, Lisää ensimmäinen tagi!
Thư viện lưu trữ: Trung tâm Học liệu Trường Đại học Cần Thơ
LEADER 00588nam a2200205Ia 4500
001 CTU_90954
008 210402s9999 xx 000 0 und d
082 |a 330.015195 
082 |b N104 
245 0 |a Giáo trình Kinh tế lượng 
245 0 |b (Econometrics) 
245 0 |c Mai Văn Nam ... [et al.] 
260 |a Cần Thơ 
260 |b Trường Đại học Cần Thơ 
260 |c 2005 
526 |a Kinh tế lượng II 
526 |b KTH608 
650 |a Econometrics 
904 |i Bằng 
980 |a Trung tâm Học liệu Trường Đại học Cần Thơ